Statystyki dla Piłkarska kariera Juana Romana Riquelme.

Kliknij tutaj aby rozwiązać quiz!

Ogólne statystyki

  • Ten quiz został rozwiązany 19 razy
  • Średni wynik to 6 z 11

Statystyki odpowiedzi

LataDrużyna% Poprawnych
2002-2003Barcelona
72%
2005-2005Barcelona
72%
1997-2002Boca Juniors
72%
2007-2007Boca Juniors
72%
2008-2014Boca Juniors
72%
1996-1997Boca Juniors II
72%
2003-2005Villarreal
61%
2005-2007Villarreal
61%
2007-2008Villarreal
61%
2014-2015Argentinos Juniors
6%
?-1996Argentinos Juniors II
6%

Rozkład punktacji

Percentyl według liczby udzielonych odpowiedzi

Procent ludzi z każdym wynikiem

Twoja historia wyników

Nie rozwiązałeś tego quizu